BoyWithUke - Two Moons - Statistics

General Stats
  • This quiz has been taken 223 times
  • The average score is 285 of 382
Answer Stats
Lyrics % Correct
I
98%
moons
98%
Two
98%
two
98%
can
95%
a
94%
my
94%
My
94%
you
93%
feel
92%
on
92%
to
92%
myself
90%
knew
89%
catching
88%
your
88%
fire
87%
for
87%
it
87%
kept
86%
start
86%
and
84%
And
84%
go
84%
yourself
84%
be
83%
I'm
83%
in
83%
see
83%
so
83%
left
82%
Left
82%
no
82%
No
82%
can't
81%
head
81%
lost
81%
that
81%
yeah
80%
Yeah
80%
broken
79%
Broken
79%
me
79%
bed
78%
chest
78%
close
78%
door
78%
fell
78%
Fell
78%
good
78%
happy
78%
health
78%
more
78%
nothing
78%
please
78%
searching
78%
Sorry
78%
sorry
78%
way
78%
as
77%
excuse
77%
heart's
77%
less
77%
mess
77%
the
77%
This
77%
this
77%
been
76%
But
76%
but
76%
corridors
76%
floors
76%
new
76%
with
76%
ain't
75%
asleep
75%
get
75%
through
75%
pouring
72%
want
69%
don't
68%
liars
68%
I'll
67%
of
67%
mind
64%
cry
63%
make
63%
one
63%
too
63%
tell
62%
windows
61%
clean
60%
where
58%
friends
57%
take
57%
know
55%
tiles
55%
say
53%
serene
53%
smile
53%
while
53%
It'll
52%
let
52%
night
52%
Hope
51%
life
49%
will
49%
at
48%
Frozen
48%
miles
48%
sucks
48%
finish
47%
forgetting
47%
right
47%
blurry
46%
early
46%
is
46%
that's
46%
fuck
44%
diminishing
43%
dust
43%
keep
43%
soul's
43%
wanna
43%
dirty
42%
eyesight
41%
found
41%
play
41%
bedroom
40%
goes
40%
hate
40%
inside
39%
lies
39%
nuts
39%
willows
39%
years
39%
after
38%
all
38%
around
38%
bite
38%
Cuts
38%
from
38%
heading
38%
just
38%
Pearly
38%
stuck
38%
Surely
37%
these
37%
deeper
36%
if
36%
those
36%
hurting
35%
it's
35%
telling
34%
whites
34%
style
33%
unplug
33%
rust
32%
trust
32%
must
31%
disgusting
30%
believer
28%
ever
27%
God
26%
tried
23%
Ooooh
4%
No matching quizzes found
Score Distribution
Percent of People with Each Score
Percentile by Number Answered
Your Score History
You have not taken this quiz